Konstruktive Funktionentheorie /

Guardado en:
Autor Principal: Natanson, I. P.
Formato: Libro
Idioma:German
Russian
Publicado: Berlin : Akademie-Verlag, 1955.
Series:Mathematische Lehrbücher und Monographien 1. Abt.: Mathematische Lehrbücher ; Bd. 7
Etiquetas: Agregar Etiqueta
Sin Etiquetas, Sea el primero en etiquetar este registro!
LEADER 00615nam a22001695a 4500
001 MAT.inmabb000693
008 031118s1955####gw############001#0#ger#d
005 20170825155403.0
245 1 0 |a Konstruktive Funktionentheorie /  |c von I. P. Natanson ; deutsche Übersetzung von K. Bögel. 
260 |a Berlin :  |b Akademie-Verlag,  |c 1955. 
300 |a xiv, 514 p. ;  |c cm. 
440 0 |a Mathematische Lehrbücher und Monographien 1. Abt.: Mathematische Lehrbücher ;  |v Bd. 7 
510 4 |a MR,  |c 16,1100d 
100 1 |a Natanson, I. P.  |q (Isidor Pavlovich) 
084 |a 42.4X  |2 MR 
041 1 |a ger  |h rus 
859 |h 42  |i N272  |p A-492  |b BIB. MATEMATICA